000 01067nam2a2200205 4500
001 RU\NLR\PER_A\002665103_001370
005 20251214195345.0
035 _a(NLR Aleph) 022684319
090 _a13502745
_c13502745
100 _a20251210d2025 u y0rusy50 ca
101 0 _arus
102 _aRU
200 0 _a2025, № 3 (83)
210 _d2025
461 0 _1001RU\NLR\Per\487516
_12001#$aВагоны и вагонное хозяйство$eежеквартальный производственно-технический и научно-популярный журнал$eприложение к журналу "Локомотив"$v2025, № 3 (83)
_93994441
_cМосква
_d2005 -
_n[б. и.]
_oежеквартальный производственно-технический и научно-популярный журнал : приложение к журналу "Локомотив"
_tВагоны и вагонное хозяйство
_x1817-6089
_v2025, № 3 (83)
852 _aNLR
_jП11/5303
942 _cISSUE
980 _aRUSPER
980 _aNB